MARC details
| 000 -LÍDER |
| campo de controle de tamanho fixo |
01395nam a2200313 4500 |
| 001 - NÚMERO DE CONTROLE |
| campo de controle |
442 |
| 003 - IDENTIFICADOR DO NÚMERO DE CONTROLE |
| campo de controle |
OSt |
| 005 - DATA E HORÁRIO DA ÚLTIMA TRANSAÇÃO |
| campo de controle |
20250701084513.0 |
| 008 - CAMPO DE DADOS FIXOS--INFORMAÇÃO GERAL |
| campo de controle de tamanho fixo |
250701b |||||||g |||| 00| j eng d |
| 020 ## - ISBN - INTERNATIONAL STANDARD BOOK NUMBER |
| ISBN - International Standard Book Number |
9788516095772 |
| 040 ## - FONTE DA CATALOGAÇÃO |
| Idioma da catalogação |
por |
| 041 ## - CÓDIGO DE IDIOMA |
| Código do idioma do texto/trilha sonora ou título diferente |
por |
| 082 ## - CDD - CLASSIFICAÇÃO DECIMAL DE DEWEY |
| Número de Classificação |
028.5 |
| Número do exemplar |
B214p |
| 100 1# - ENTRADA PRINCIPAL--NOME PESSOAL |
| Nome pessoal |
Bandeira, Pedro |
| Datas associadas ao nome |
1942- |
| 9 (RLIN) |
977 |
| 245 ## - TÍTULO |
| Título |
Pântano de Sangue: |
| Restante do título |
Mais uma aventura com os Karas! / |
| Indicação de responsabilidade, etc. |
Bandeira, Pedro ; Ilustrações de Hector Gomes |
| 250 ## - EDIÇÃO |
| Declaração de edição |
4 ed. |
| 260 ## - PUBLICAÇÃO, DISTRIBUIÇÃO, ETC. |
| Local de publicação, distribuição, etc. |
São Paulo |
| Nome do editor, distribuidor, etc. |
Moderna |
| Data da publicação, distribuição, etc. |
2013 |
| 300 ## - DESCRIÇÃO FÍSICA |
| Extensão |
192 p. |
| Outros detalhes físicos |
il. |
| 520 ## - NOTA DE RESUMO, ETC. |
| Resumo, etc. |
O crime organizado ronda o Pantanal!<br/><br/>Miguel, Crânio, Calu, Magrí e Chumbinho envolvem-se com o crime organizado que está agindo no Pantanal de Mato Grosso, liderado pelo misterioso e implacável Ente.<br/>Em um enredo fascinante, repleto de suspense do começo ao fim, discute-se a dramática destruição dos jacarés, dos índios e da natureza em um dos últimos lugares do mundo que ainda poderia ser chamado de Paraíso Terrestre.<br/>Crânio, o geninho dos Karas, é quem terá de arrastar os amigos em sua mais perigosa missão!<br/> |
| 650 #0 - ASSUNTO--TERMO TÓPICO |
| Cabeçalho tópico ou nome geográfico |
Literatura Brasileira |
| 9 (RLIN) |
205 |
| 650 #0 - ASSUNTO--TERMO TÓPICO |
| Cabeçalho tópico ou nome geográfico |
Infantojuvenil |
| 9 (RLIN) |
200 |
| 650 #0 - ASSUNTO--TERMO TÓPICO |
| Cabeçalho tópico ou nome geográfico |
Aventura |
| 9 (RLIN) |
47 |
| 650 #0 - ASSUNTO--TERMO TÓPICO |
| Cabeçalho tópico ou nome geográfico |
Crime e Investigação |
| 9 (RLIN) |
13 |
| 655 #0 - TERMO DE ÍNDICE--GÊNERO E FORMA |
| Gênero/forma/ou termo foco |
Romance |
| 655 #0 - TERMO DE ÍNDICE--GÊNERO E FORMA |
| Gênero/forma/ou termo foco |
Ficção |
| 700 ## - ENTRADA ADICIONADA - NOME PESSOAL |
| Nome pessoal |
Hector Gomes |
| Função do autor por extenso |
ILUSTRADOR |
| 9 (RLIN) |
978 |
| 830 ## - ENTRADA SECUNDÁRIA DE SÉRIE--TÍTULO UNIFORME |
| Título uniforme |
Os Karas |
| 9 (RLIN) |
979 |
| Número do volume ou designação sequencial da série |
vol. 02 |
| 942 ## - ELEMENTOS DE ENTRADA ADICIONADOS (KOHA) |
| Fonte de classificação ou esquema de arquivamento |
Classificação decimal de Dewey |
| Ocultar no OPAC |
Não |
| Tipo de material Koha |
Livros |